00588 2200229 4500001002100000005001500021035002000036007000300056008004100059020002200100082001200122084001800134100001600152245004800168250000600216260004300222300003000265650001500295990001600310990001600326990001600342INLIS00000000000200220260204093634 a0010-0226000012ta260204 g 0 ind  a978-606-700-871-5 a297.246 a297.246 EKO k0 aEko Koswara1 aKisah Nabi Yunus Alaihisalam /cEko Koswara a- aSidoarjo :bGlobal Offset Sejahter,c- a32 hlm :bilus ;c20 x 25 aKisah Nabi a00000016052 a00000016053 a00000016054